000 00474nam a22001697a 4500
005 20260312135914.0
008 260312b |||||||| |||| 00| 0 eng d
037 _cDSWL
040 _aDSWL
_cDSWL
041 _heng
100 _aHaokip, Scilienmang
_91131861
245 _aChanging identity after retired
260 _aDelhi,
_bDepartment of Social Work,
_c2016
300 _a129p
942 _2CC
_cTH
_n0
999 _c1715242
_d1715242